000 03010cam a2200565Mu 4500
001 841914439
003 OSt
005 20170803190242.0
006 m o d
007 cr |n|
008 130418s2013 gw ob 001 0 eng d
020 _a9783527667086
020 _a3527667083
020 _a9783527667062
020 _a3527667067
020 _a9783527667093
_q(ePDF)
020 _a3527667091
_q(ePDF)
020 _a9783527411764
_q(Cloth)
020 _a3527411763
_q(Cloth)
020 _a9781299476035
_q(MyiLibrary)
020 _a1299476031
_q(MyiLibrary)
035 _a.b37104615
035 _a(OCoLC)841914439
037 _a478853
_bMIL
040 _aMHW
_beng
_epn
_cMHW
_dYDXCP
_dE7B
_dN15
_dOCLCO
_dCUS
_dDG1
_dOCLCF
_dNLGGC
_dCDX
_dIDEBK
_dEBLCP
_dBTCTA
_dUIU
_dOCLCQ
_dOCLCO
050 4 _aR895 .M27 2013
060 4 _aWN 110
082 0 4 _a616.989705
_223
_bMJA
100 1 _aMartin, James E
_958382
245 1 0 _aPhysics for Radiation Protection
_h[electronic resource]
250 _a3rd ed
260 _aWeinheim :
_bWiley,
_c2013
300 _a1 online resource (679 pages) ;
_ccm
504 _aIncludes bibliographical references and index
505 0 _aStructure of atoms -- Atoms and energy -- Radioactive transformation -- Interactions -- Nuclear fission and its products -- Naturally occurring radiation and radioactivity -- Interactions of radiation with matter -- Radiation shielding -- Internal radiation dose -- Environmental dispersion -- Nuclear criticality -- Radiation detection and measurement -- Statistics in radiation physics -- Neutrons -- Answers to selected problems -- Appendix A -- Appendix B -- Appendix C -- Appendix D -- Index
506 _aAvailable to OhioLINK libraries
520 _aA practical guide to the basic physics that radiation protection professionals need A much-needed working resource for health physicists and other radiation protection professionals, this volume presents clear, thorough, up-to-date explanations of the basic physics necessary to address real-world problems in radiation protection. Designed for readers with limited as well as basic science backgrounds, Physics for Radiation Protection emphasizes applied concepts and carefully illustrates all topics through examples as well as practice problems. Physics for Radiation Protection>
650 0 _aMedical physics
_958383
650 0 _aRadiation
_xSafety measures
_918558
650 4 _aHealth physics
_956336
650 4 _aRadiation
_xSafety measures
_918558
650 2 _aHealth Physics
_956336
650 2 _aRadiotherapy
_958384
655 4 _aElectronic books
_958385
710 2 _aOhio Library and Information Network
_934759
776 0 8 _iPrint version:
_z9783527411764
856 4 0 _uhttp://dx.doi.org/10.1002/9783527667062
_zConnect to resource
_3Wiley Online Library
856 4 0 _uhttp://proxy.ohiolink.edu:9099/login?url=http://dx.doi.org/10.1002/9783527667062
_zConnect to resource (off-campus)
_3Wiley Online Library
942 _2ddc
_cBOOK
999 _c40388
_d310008